| 000 | 00743nam a2200217Ia 4500 | ||
|---|---|---|---|
| 003 | GCL | ||
| 008 | 140319s9999 xx 000 0 ara d | ||
| 040 |
_aGCL / _cGCL |
||
| 082 | 0 | 4 |
_a811.052 _bع ا |
| 100 | 1 | _aعبدالوهاب المسيرى | |
| 245 | 1 | 0 |
_aاغانى الخبرة والحيرة والبراءة / _cعبدالوهاب المسيرى |
| 250 | _aالاولى | ||
| 260 |
_aالقاهرة : _bدار الشروق ، _c2003 |
||
| 300 |
_a162 ص ؛ _c20 سم |
||
| 650 | 0 | 4 | _aالادب العربى |
| 650 | 0 | 4 | _aالادب الشعبى |
| 650 | 0 | 4 | _aالادب الشعبى - مصر |
| 650 | 0 | 4 | _aالشعر الغنائى - مصر |
| 650 | 0 | 4 | _aالشعر العربى - قصائد ودواوين |
| 942 |
_2ddc _cBK |
||
| 999 |
_c8196 _d8196 |
||